Loading...
| Fine Arts - Classical Music | 0 | 5 | 0 | 0 | 50 | 68 | 106.60 | 0 | 1 | 6.09 | 22.73 |
| Science - Biology | 0 | 2 | 0 | 1 | 20 | 91 | 99.50 | 0 | 0 | 2.78 | 4.82 |
| Philosophy | 0 | 2 | 0 | 2 | 20 | 125 | 125.00 | 0 | 0 | 0.00 | 2.73 |
| History - World | 0 | 3 | 2 | 2 | 20 | 96 | 123.00 | 0 | 0 | 2.99 | 7.82 |
| Literature - American | 0 | 2 | 0 | 0 | 20 | 74 | 95.00 | 0 | 0 | 6.25 | 7.73 |
| Current Events | 0 | 1 | 0 | 0 | 10 | 120 | 120.00 | 0 | 0 | 0.00 | 6.06 |
| Literature - European | 0 | 1 | 0 | 0 | 10 | 99 | 99.00 | 0 | 0 | 2.77 | 3.00 |
| Geography | 0 | 1 | 0 | 1 | 10 | 124 | 124.00 | 0 | 0 | 0.00 | 4.55 |
| History - Other | 0 | 1 | 1 | 1 | 5 | 122 | 122.00 | 0 | 0 | 0.00 | 2.73 |
| Fine Arts - Painting and Sculpture | 0 | 1 | 1 | 0 | 5 | 89 | 89.00 | 0 | 0 | 3.31 | 3.00 |
| Science - Physics | 0 | 1 | 1 | 0 | 5 | 117 | 117.00 | 0 | 0 | 0.00 | 0.91 |
| Science - Other | 0 | 1 | 1 | 0 | 5 | 115 | 115.00 | 0 | 0 | 0.50 | 5.00 |
| Literature - British | 0 | 0 | 0 | 0 | 0 | 0.00 | 0 | 0 | 0.00 | 0.00 | |
| Fine Arts - Other | 0 | 1 | 2 | 0 | 0 | 118 | 118.00 | 0 | 0 | 0.00 | 1.82 |
| Religion | 0 | 0 | 1 | 0 | -5 | 0.00 | 0 | 0 | 0.00 | 0.00 | |
| Literature - World | 0 | 0 | 1 | 0 | -5 | 0.00 | 0 | 0 | 0.00 | 0.00 | |
| Social Science | 0 | 0 | 1 | 0 | -5 | 0.00 | 0 | 0 | 0.00 | 0.00 |